Normal view
MARC view
- Koran
Entry Topical Term
001 - CONTROL NUMBER
- control field: 1795
003 - CONTROL NUMBER IDENTIFIER
- control field: OSt
005 - DATE AND TIME OF LATEST TRANSACTION
- control field: 20170505141251.0
008 - FIXED-LENGTH DATA ELEMENTS
- fixed length control field: 170505|| aca||aabn | a|a d
040 ## - CATALOGING SOURCE
- Original cataloging agency: OSt
- Transcribing agency: OSt
150 ## - HEADING--TOPICAL TERM
- Topical term or geographic name entry element: Koran
- General subdivision: Readings
670 ## - SOURCE DATA FOUND
- Source citation: Work cat.: (OSt)0: Belajar tajwid Al Qur'anul Karim :, 1996

PORTAL AKMAL
E-MEL JKDM
AKMAL2U
G-BAM
u-PUSTAKA